Départements français par numéro - Statistiques

Statistiques générales
  • Ce quiz a été pris 329 fois
  • Le résultat moyen est 67 sur 101
Statistiques - réponses
Numéro Départment % Correct
1 Ain
98%
2 Aisne
93%
5 Haute Alpes
85%
3 Allier
84%
42 Loire
84%
13 Bouches du Rhone
81%
2B Haute Corse
81%
75 Paris
81%
6 Alpes Maritimes
78%
11 Aude
78%
2A Corse du sud
78%
23 Creuse
78%
59 Nord
78%
7 Ardêche
75%
10 Aube
75%
15 Cantal
75%
29 Finistere
75%
14 Calvados
74%
33 Gironde
74%
971 Guadeloupe
74%
973 Guyane
74%
974 La Réunion
74%
972 Martinique
74%
62 Pas de calais
74%
69 Rhone
74%
93 Seine Saint Denis
74%
45 Loiret
73%
16 Charente
72%
78 Yvelines
72%
9 Ariège
71%
39 Jura
70%
83 Var
70%
4 Alpes de Haute Provence
69%
8 Ardennes
69%
17 Charente maritime
69%
19 Corrèze
69%
51 Marne
69%
12 Aveyron
68%
18 Cher
68%
27 Eure
68%
92 Hauts de Seine
68%
976 Mayotte
68%
24 Dordogne
67%
68 Haut Rhin
67%
34 Herault
67%
36 Indre
67%
44 Loire atlantique
67%
77 Seine et Marne
67%
22 Cotes d armor
66%
25 Doubs
66%
30 Gard
66%
37 Indre et Loire
66%
41 Loir et Cher
66%
66 Pyrénées Orientales
66%
84 Vaucluse
66%
67 Bas Rhin
65%
74 Haute Savoie
65%
60 Oise
65%
21 cote d or
64%
57 Moselle
64%
64 Pyrenees atlantique
64%
73 Savoie
64%
76 Seine Maritime
64%
28 Eure et Loir
63%
32 Gers
63%
35 Ille et vilaine
63%
94 Val de Marne
63%
46 Lot
62%
53 Mayenne
62%
54 Meurthe et Moselle
62%
81 Tarn
62%
38 Isere
61%
88 Vosges
61%
31 Haute Garonne
60%
43 Haute Loire
60%
50 Manche
60%
56 Morbihan
60%
71 Saone et Loire
60%
26 Drome
59%
65 Hautes Pyrénées
59%
47 Lot et Garonne
59%
40 Landes
58%
86 Vienne
58%
82 Tarn et Garonne
57%
52 Haute Marne
56%
89 Yonne
56%
95 Val d'Oise
55%
91 Essone
54%
87 Haute Vienne
54%
58 Nièvre
54%
63 Puy de dome
54%
72 Sarthe
54%
80 Somme
54%
85 Vendée
54%
49 Maine et loire
53%
55 Meuse
53%
48 Lozere
51%
61 Orne
51%
90 Belfort
50%
79 Deux Sèvres
47%
70 Haute Saone
45%
Aucun quiz correspondant
Distribution des résultats
% des personnes avec chaque résultat
Percentile par nombre de réponses
Votre historique - résultats
Vous n’avez pas pris ce quiz